Statistiques concernant Les 10 équipes sportives ayant le plus de valeur

Cliquez ici pour prendre le quiz!

Statistiques générales

  • Ce quiz a été pris 325 fois
  • Le résultat moyen est 4 sur 10

Statistiques - réponses

Milliards de $Réponse% Correct
54.75Real Madrid
90%
44.76Futbol Club Barcelona
80%
74.6Los Angeles Lakers (NBA)
72%
104.21Bayern Munich
44%
64.7Golden State Warriors (NBA)
34%
35.00New York Knicks (NBA)
17%
15.7Dallas Cowboys (NFL)
12%
25.25New York Yankees (MLB)
10%
84.4New England Patriots (NFL)
9%
94.3New York Giants (NFL)
5%

Distribution des résultats

Percentile par nombre de réponses

% des personnes avec chaque résultat

Votre développement - résultats

Vous n’avez pas pris ce quiz